000 00828cam a2200157 4500500
005 20260111090248.0
041 _afre
042 _adc
100 1 0 _aVallin, Pierre
_eauthor
245 0 0 _aLes prêtres-ouvriers, hier et aujourd’hui
260 _c2001.
500 _a27
520 _aRésuméEst-ce forcer le trait que de dire que le Dieu du catéchisme de 1947 était le « Bon Dieu », alors que celui de nos catéchèses est le Père manifesté en Jésus ? Bien sûr, c’est le même ! Mais notre relation à lui est-elle la même ? La catéchèse d’aujourd’hui ne nous révèle-t-elle pas un autre visage de Dieu et de l’homme ?
786 0 _nÉtudes | 395 | 11 | 2001-11-01 | p. 553c-558c | 0014-1941
856 4 1 _uhttps://shs.cairn.info/revue-etudes-2001-11-page-553c?lang=fr&redirect-ssocas=7080
999 _c1618727
_d1618726